| 000 | 02206nam a22002897a 4500 | ||
|---|---|---|---|
| 005 | 20220926122201.0 | ||
| 008 | 220923b ||||| |||| 00| 0 eng d | ||
| 040 | _cAL | ||
| 041 | _akan | ||
| 082 |
_223 _a351.3K _bMADI |
||
| 100 |
_aMali Maddanna: ಮಾಲಿ ಮದ್ದಣ್ಣ and others Ed _958503 |
||
| 245 |
_aIAS KAS aichika kannada mukhya pariksheya kaipidi: _bಐಎಎಸ್ ಕೆಎಎಸ್ ಐಚ್ಚಿಕ ಕನ್ನಡ ಮುಖ್ಯ ಪರೀಕ್ಷೆಯ ಕೈಪಿಡಿ Patrike 1 |
||
| 250 | _a3 | ||
| 260 |
_aBengaluru _bHariprasad Publications _c2018 |
||
| 300 |
_axxiv,288p. _bPB _c24x18cm. |
||
| 365 |
_2Kannada _aBLCR-000079 _b240.00 _c₹ _d300.00 _e20% _f06-09-2022 |
||
| 520 | _aಕನ್ನಡ ಭಾಷೆಯ ಚರಿತ್ರೆ ಮತ್ತದರ ಲಕ್ಷಣಗಳು ಕನ್ನಡ ಸಾಹಿತ್ಯ ಚರಿತ್ರೆ ಕಾವ್ಯ ಮೀಮಾಂಸೆ ಕರ್ನಾಟಕ ಸಾಂಸ್ಕ್ರತಿಕ ಚರಿತ್ರೆ ಕರ್ನಾಟಕ ಧಾರ್ಮಿಕ ಚಳುವಳಿಗಳು ಕರ್ನಾಟಕದಲ್ಲಿ ಸ್ವಾತಂತ್ರ್ಯ ಚಳವಳಿ ಐ ಎ ಎಸ್ ಮುಖ್ಯ ಪರೀಕ್ಷೆಯ ಪ್ರಶ್ನೆಪತ್ರಿಕೆಗಳು ಕೆಎಎಸ್ ಮುಖ್ಯಪರೀಕ್ಷೆಯ ಪ್ರಶ್ನೆ ಪತ್ರಿಕೆಗಳು ಸಂಭವನೀಯ ಪ್ರಶ್ನೆಗಳು | ||
| 650 |
_aKannada Bhashe: ಕನ್ನಡ ಭಾಷೆ _958357 |
||
| 650 |
_aKannada Sahitya Charitre: ಕನ್ನಡ ಸಾಹಿತ್ಯ ಚರಿತ್ರೆ _958358 |
||
| 650 |
_aKarnatka Samskratika Charitre: ಕರ್ನಾಟಕ ಸಾಂಸ್ಕ್ರತಿಕ ಚರಿತ್ರೆ _958359 |
||
| 650 |
_aQuestion Papers: ಪ್ರಶ್ನೆ ಪತ್ರಿಕೆಗಳು _958365 |
||
| 650 |
_aCompetitive Exams: ಸ್ಪರ್ಧಾತ್ಮಕ ಪರೀಕ್ಷೆ _958504 |
||
| 700 |
_aMADDANNA (Mali): ಮದ್ದಣ್ಣ (ಮಾಲಿ) Ed _958360 |
||
| 700 |
_aSHIVARAMAYYA: ಶಿವರಾಮಯ್ಯ Ed _958361 |
||
| 700 |
_aPASHA (Mahamad Rafi): ಪಾಶ (ಮಹಮದ್ ರಫೀ) Ed _958362 |
||
| 942 |
_2ddc _cBK |
||
| 999 |
_c224650 _d224650 |
||